000 00614nam a2200205Ia 4500
003 OSt
005 20250821152549.0
008 221006b |||||||| |||| 00| 0 eng d
020 _a9780205212149
037 _cTextual
040 _aEASL
_cEASL
_beng
041 _2eng
_aeng
100 _aBressler Charles E
_9670415
245 0 _aLiterary criticism
_b An introduction to theory and practice
260 _aBoston
_bLongman
_c2011
300 _a352p.
_ccm.
650 _aGen
942 _hO:g, Q1
_cTEXL
_2CC
_n0
999 _c1111605
_d1111605